Pension system viability and reform alternatives in the Czech Republic

Na minha lista:
Detalhes bibliográficos
Autor principal: Laursen, Thomas
Formato: Livro
Idioma:inglês
Publicado em: Washington International Monetary Fund 2000
Colecção:IMF Working Paper WP/00/16
Assuntos:
Tags: Adicionar Tag
Sem tags, seja o primeiro a adicionar uma tag!

MARC

LEADER 00000nam a2200000 4500
001 c124136
005 20221221083149.7
041 0 |a eng 
044 |a US 
245 1 0 |a Pension system viability and reform alternatives in the Czech Republic  |c Thomas Laursen 
264 1 |a Washington  |b International Monetary Fund  |c 2000 
300 |a 44 s. 
490 1 |a IMF Working Paper  |v WP/00/16 
830 0 |a IMF Working Paper  |v WP/00/16 
610 2 0 |a dôchodky starobné 
610 2 0 |a penzie 
610 2 0 |a reformy 
610 2 0 |a systémy sociálno-ekonomické 
610 2 0 |a Česko 
100 1 |a Laursen, Thomas